logo

Bir Sreshtho Munshi Abdur Rouf Library
Jhenaidah Cadet College

গোলাপ সুন্দরী / (Record no. 3311)

MARC details
000 -LEADER
fixed length control field 00666nam a2200217 a 4500
001 - CONTROL NUMBER
JCCL Control Number 3311
003 - CONTROL NUMBER IDENTIFIER
JCCL marc code BD-JhCC
005 - DATE AND TIME OF LATEST TRANSACTION
control field 20171112184932.0
008 - FIXED-LENGTH DATA ELEMENTS--GENERAL INFORMATION
fixed length control field 171112s1398 b ||||| |||| 00| 0 ben d
035 ## - SYSTEM CONTROL NUMBER
system control number (BD-JhCC)
040 ## - CATALOGING SOURCE
Original cataloging agency BD-JhCC
Modifying agency BD-JhCC
041 ## - LANGUAGE CODE
Language code of Book ben
082 ## - DEWEY DECIMAL CLASSIFICATION NUMBER
Classification number 891.443
Author mark and Year MOZ 1398
100 ## - MAIN ENTRY--PERSONAL NAME
Personal name মজুমদার, কমলকুমার
245 ## - TITLE STATEMENT
Title গোলাপ সুন্দরী /
Statement of responsibility, etc কমলকুমার মজুমদার
260 ## - PUBLICATION, DISTRIBUTION, ETC. (IMPRINT)
Place of publication, distribution, etc ঢাকা :
Name of publisher, distributor, etc আনন্দ পাবলিশার্স,
Date of publication, distribution, etc ১৩৯৮
300 ## - PHYSICAL DESCRIPTION
Pagination 111 p. :
Other physical details ill. ;
Dimensions 20cm.
650 ## - SUBJECT ADDED ENTRY--TOPICAL TERM
Topical term or geographic name as entry element Bengali Novel
942 ## - ADDED ENTRY ELEMENTS (KOHA)
Source of classification or shelving scheme Dewey Decimal Classification
Koha item type Books
Holdings
Source of classification or shelving scheme Damaged status Not for loan Home library Current library Shelving location Date of accession Cost, normal purchase price Total Checkouts Full call number Barcode Date last seen Copy number Koha item type
Dewey Decimal Classification     JCC Rouf Library JCC Rouf Library General Stacks 11/12/2017 15.00   891.443 MOZ 1398 4264 11/12/2017 C-1 Books

JCC Library | Contacts | JCC Home

Last Update on 23 September 2017
Copyright @ 2017-2020 JCC Rouf Library
Rouf Library, Jhenidah Cadet College (JCC), Bangladesh